000 01225cab a22002055a 4500
001 L148174
008 090811e20090731xxkda f s 000 0 eng u
035 _a(Sirsi) u148174
041 0 _aeng
100 1 _aHewes, Martin
245 0 0 _aTop 150
_bwho's got the best gumboots?
260 _c2009
490 0 _aBuilding
_v274 (8590) 31 July 2009, 32-52
520 _aPresents the top 150 contractors and housebuilders league table for 2009. Balfour Beatty is at the top of the 150 contractors and housebuilders again this year, followed by Carillion and Laing O'Rourke. Most companies who made a loss are housebuilders. Includes lists of top 150 contractors and housebuilders by turnover and pre-tax profit; top 50 contractors by contracting turnover, contractors by operating profit and operating margin; top 25 contractors in facilities management by turnover; top 25 housebuilders by housing turnover, by housing operating profit, by operating margin and by sales/completions; and top 100 contractors and housebuilders by highest-paid director and top 100 companies by average pay.
590 _aKA
651 4 _aUnited Kingdom
_y
690 _aConstruction management
_96230
700 1 _aMcMeeken, Roxane
942 _n0
999 _c81740
_d81740